[Event "Moravia-Silesia Region-chT 2223"]
[Site "Czech Republic"]
[Date "2023.04.02"]
[Round "11"]
[White "Pekarek, Ales1111"]
[Black "Smely, Pavel"]
[Result "1-0"]
[WhiteElo "1897"]
[BlackElo "1819"]
[PlyCount "67"]
[EventDate "2022.10.09"]
[EventType "team-tourn"]
[EventRounds "11"]
[EventCountry "CZE"]
[SourceTitle "EXT 2024"]
[Source "ChessBase"]
[SourceDate "2023.10.10"]
[SourceVersion "1"]
[SourceVersionDate "2023.10.10"]
[SourceQuality "1"]
[WhiteTeam "Orlova Slavia III"]
[BlackTeam "Koprivnice Tatra II"]
[WhiteTeamCountry "CZE"]
[BlackTeamCountry "CZE"]

1. e4 g6 2. d4 Bg7 3. Nf3 d6 4. h3 e6 5. Nc3 Ne7 6. Bd3 b6 7. 0-0 Bb7 8. Re1 0-0 9. Bg5 Nd7 10. Qd2 Nf6 11. Rad1 c5 12. dxc5 dxc5 13. Qf4 Nh5 14. Qh4 f6 15. Bb5 Qb8 16. g4 fxg5 17. Nxg5 Qf4 18. Nxe6 Qf6 19. Qxf6 Nxf6 20. g5 Nh5 21. Nxg7 Nxg7 22. Rd7 Nc6 23. Rxb7 Nd4 24. Bc4+ Kh8 25. Kg2 Nxc2 26. Rd1 Nd4 27. Nb5 Rfd8 28. Nxd4 cxd4 29. Bd5 Nh5 30. Rxd4 Rac8 31. Rc4 Rxc4 32. Bxc4 Rd4 33. Rb8+ Kg7 34. Rg8# 1-0